Novell netware : troubleshooting the network & maximizing performance /

Bibliographic Details
Main Author: Levenson, Steven
Other Authors: Romanski, Phyllis, Rothenberg, Susan, 1947-
Format: Book
Language:English
Published: Blue Ridge Summit, PA : TAB Professional and Reference Books, [1991]
Subjects:

MARC

Tag First Indicator Second Indicator Subfields
LEADER 00000cam a22000008a 4500
001 in00000984792
005 20150927175457.0
008 900724s1991 pau 00110 eng
010 |a  90044062  
020 |a 0830676511 :  |c $17.60 
035 |a (OCoLC)22276755 
035 |9 AEY8120AM 
040 |a DLC  |c DLC  |d UtOrBLW 
049 |a TXAM 
050 0 0 |a TK5105.7  |b .L4 1990 
082 0 0 |a 005.7/1369  |2 20 
090 |a TK5105.7  |b .L4 1991 
100 1 |a Levenson, Steven. 
245 1 0 |a Novell netware :  |b troubleshooting the network & maximizing performance /  |c by Steven Levenson, Phyllis Romanski, and Susan Rothenberg. 
264 1 |a Blue Ridge Summit, PA :  |b TAB Professional and Reference Books,  |c [1991] 
264 4 |c ©1991 
300 |a 232 pages :  |b illustrations 
336 |a text  |b txt  |2 rdacontent 
337 |a unmediated  |b n  |2 rdamedia 
338 |a volume  |b nc  |2 rdacarrier 
500 |a Includes index. 
650 0 |a Local area networks (Computer networks) 
630 0 0 |a NetWare. 
630 0 0 |a NetWare  |x Maintenance and repair. 
700 1 |a Romanski, Phyllis. 
700 1 |a Rothenberg, Susan,  |d 1947- 
740 0 |a Troubleshooting the network and maximizing performance. 
999 |a MARS 
999 f f |s d0a31916-d5db-33b2-8a35-fd7eebf49f7f  |i 6fa8ef64-f05c-3fc0-8113-67821a6fe295  |t 0 
952 f f |p ric  |a Texas A&M University  |b Rellis Campus  |c Joint Library Facility  |d Remote Storage  |t 0  |e TK5105.7 .L4 1991  |h Library of Congress classification  |i unmediated -- volume  |m A14815360179 
998 f f |a TK5105.7 .L4 1991  |t 0  |l Remote Storage